Favourite Subjects in School - Statistics

General Stats
  • This quiz has been taken 125 times
  • The average score is 4 of 8
Answer Stats
% Subject % Correct
18 Math
98%
14 English
91%
7 Art
76%
14 Science
74%
7 Music
55%
8 Gym
23%
4 Foreign Language
6%
34 Social Science
6%
No matching quizzes found
Score Distribution
Percent of People with Each Score
Percentile by Number Answered
Your Score History
You have not taken this quiz